Personnalités préférées des français 2020 - Statistiques

Statistiques générales
  • Ce quiz a été pris 152 fois
  • Le résultat moyen est 9 sur 50
Statistiques - réponses
Classement Nom % Correct
19 Kylian Mbappé
71%
2 Omar Sy
60%
1 Jean-Jacques Goldman
53%
12 Zinedine Zidane
43%
22 Didier Deschamps
35%
25 Nagui
32%
4 Soprano
32%
17 Jean Dujardin
29%
5 Marion Cotillard
25%
13 Jean-Luc Reichmann
24%
18 Zazie
24%
10 Dany Boon
22%
4 Florence Foresti
22%
22 Jenifer
22%
1 Sophie Marceau
22%
11 Thomas Pesquet
22%
21 Renaud
21%
6 Louane
19%
18 Vianney
19%
3 Mimie Mathy
16%
2 Alexandra Lamy
15%
9 Francis Cabrel
15%
3 Jean-Pierre Pernaut
15%
16 Michel Sardou
15%
9 Mylène Farmer
15%
8 Teddy Riner
15%
21 Claire Chazal
14%
15 Stéphane Plaza
14%
20 Muriel Robin
13%
5 Jean Reno
12%
7 Philippe Etchebest
12%
15 Vanessa Paradis
12%
14 Cyril Lignac
11%
6 Jean-Paul Belmondo
11%
12 Line Renaud
11%
23 Julien Doré
10%
7 Karine Le Marchand
10%
10 Valérie Lemercier
10%
11 Anne Roumanoff
9%
8 Josiane Balasko
9%
20 Stéphane Bern
9%
24 Michel Cymes
8%
16 Nolwenn Leroy
8%
23 Virginie Efira
6%
14 Michèle Laroque
5%
17 Ingrid Chauvin
3%
19 Catherine Frot
2%
24 Elodie Gossuin
2%
25 Laëtitia Milot
2%
13 Evelyne Dhélait
1%
Aucun quiz correspondant
Distribution des résultats
% des personnes avec chaque résultat
Percentile par nombre de réponses
Votre historique - résultats
Vous n’avez pas pris ce quiz